| 000 | 00608cam a22002291 4500 | ||
|---|---|---|---|
| 001 | sa 67006227 | ||
| 003 | DLC | ||
| 005 | 20260227112405.0 | ||
| 008 | 881102s1966 xx 000 0 hino | ||
| 010 | _asa 67006227 | ||
| 035 | _a(OCoLC)23545876 | ||
| 040 |
_aDLC _cMiU _dDLC |
||
| 042 | _apremarc | ||
| 050 | 0 | 0 |
_aPK2042 _b.S475 |
| 100 | 1 |
_aShukla, Sukh Dev, _d1925- |
|
| 245 | 1 | 0 | _aHindī-upanyāsa kā vikāsa aura naitikatā. |
| 260 | _c[1966] | ||
| 300 |
_a13, 354, [1] p. _c23 cm. |
||
| 500 | _aRomanized. | ||
| 650 | 0 |
_aHindi fiction _xHistory and criticism. |
|
| 650 | 0 | _aLiterature and morals | |
| 999 |
_c75781 _d75781 |
||